Southville International School and Colleges
Your cart is empty.
  • Cart
  • Lists
    Public lists Eva Luna New books Lux_list list_1
    Your lists Log in to create your own lists
  • Log in to your account
  • Your cookies
  • Search history
Southville International School and Colleges
  • Advanced search
  • Recent comments
  • Most popular
  • Libraries

Log in to your account

Log in with GOOGLE


If you do not have an external account, but do have a local account, you can still log in:

  1. Home
  2. MARC view: Blessed Mary /
Normal view MARC view ISBD view

Blessed Mary / (Record no. 3134)

[ view plain ]
MARC details
000 -LEADER
fixed length control field 00493nam a22001817a 4500
003 - CONTROL NUMBER IDENTIFIER
control field LC
005 - DATE AND TIME OF LATEST TRANSACTION
control field 20170228100017.0
008 - FIXED-LENGTH DATA ELEMENTS--GENERAL INFORMATION
fixed length control field 130626t xxu||||| |||| 00| 0 eng d
020 ## - INTERNATIONAL STANDARD BOOK NUMBER
International Standard Book Number 9711010101
050 ## - LIBRARY OF CONGRESS CALL NUMBER
Classification number BT 602
Item number .J95 1990
082 ## - DEWEY DECIMAL CLASSIFICATION NUMBER
Classification number Fil 232.91
Item number J98 1990
100 ## - MAIN ENTRY--PERSONAL NAME
Personal name Juris, Paul
245 ## - TITLE STATEMENT
Title Blessed Mary /
Statement of responsibility, etc Paul Juris.
260 ## - PUBLICATION, DISTRIBUTION, ETC. (IMPRINT)
Place of publication, distribution, etc Philippines :
Name of publisher, distributor, etc Alliance Publishers.,
Date of publication, distribution, etc 1990.
300 ## - PHYSICAL DESCRIPTION
Extent iv, 203 p. ;
Dimensions 18 cm.
650 ## - SUBJECT ADDED ENTRY--TOPICAL TERM
Topical term or geographic name as entry element Marialogy
General subdivision Mary
-- Mother of Christ
942 ## - ADDED ENTRY ELEMENTS (KOHA)
Source of classification or shelving scheme Library of Congress Classification
Koha item type Books
Holdings
Withdrawn status Lost status Source of classification or shelving scheme Damaged status Home library Current library Shelving location Date acquired Source of acquisition Total Checkouts Full call number Barcode Date last seen Copy number Price effective from Koha item type
    Library of Congress Classification   Luxembourg Library Luxembourg Library Filipiniana Section 06/26/2013 Donation   BT 602 .J95 1986 9521 08/13/2013 1 06/26/2013 Books

Blessed Mary /

APA

Juris P., . (1990). Blessed Mary. Philippines: Alliance Publishers.

Chicago

Juris Paul, . 1990. Blessed Mary. Philippines: Alliance Publishers.

Harvard

Juris P., . (1990). Blessed Mary. Philippines: Alliance Publishers.

MLA

Juris Paul, . Blessed Mary. Philippines: Alliance Publishers. 1990.

  • Place hold
  • Print
  • Cite
  • Add to your cart (remove)
  • Save record
    BIBTEX Dublin Core MARCXML MARC (non-Unicode/MARC-8) MARC (Unicode/UTF-8) MARC (Unicode/UTF-8, Standard) MODS (XML) RIS
  • More searches
    Search for this title in:
    Other Libraries (WorldCat) Other Databases (Google Scholar) Online Stores (Bookfinder.com) Open Library (openlibrary.org)

Exporting to Dublin Core...

SOUTHVILLE LIBRARY

Southville International School and Colleges Library

1281 Tropical Ave. Cor. Luxembourg St., BF Homes International, Las Pinas City

Tel. No. 8256374 / 252358 Loc. 117/146

Powered by Koha